| 000 | 01050cam a2200193 i 4500 | ||
|---|---|---|---|
| 999 |
_c5393 _d5393 |
||
| 020 | _a9781599185125 (pbk. : alk. paper) | ||
| 020 | _a1599185121 (pbk. : alk. paper) | ||
| 050 | 0 | 0 |
_aHF6127 _b.M56 |
| 100 | 1 | _aMintzer, Richard. | |
| 245 | 1 | 0 |
_aStart your own online coupon or daily deal business / _cEntrepreneur Press and Rich Mintzer. |
| 260 |
_aNew York _bEntrepreneur press _c2013 |
||
| 300 |
_axvi, 182 pages : _billustrations ; _c23 cm. |
||
| 505 | 0 | _aAcknowledgments -- Preface -- What is the coupon, and daily deal, business all about? -- Is this the business for you? -- How it works -- Boring business basics : getting your business started -- The home office or the business office -- You & your website -- Strategizing with your merchants -- Marketing -- Know your costs and bookkeeping basics -- Finding funding and your business plan -- Selling or closing down the business. | |
| 650 | 0 | _aCoupons (Retail trade) | |
| 650 | 0 | _aInternet marketing. | |
| 650 | 0 | _aNew business enterprises. | |
| 710 | 2 | _aEntrepreneur Press. | |
| 942 | _cBK | ||